000 00866nam a2200265 i 4500
003 DO-SdBNP
005 20250620093553.0
007 ta
008 250620b2003 dr ||||| |||| 00| 0 spa d
040 _aDO-SdBNP
_bspa
_cBNPHU
_erda
041 _aspa
082 4 _a342.729302
_bR426co, 2003
_222
110 1 _aRepública Dominicana.
_9447
245 1 0 _aConstitución de la República Dominicana :
_bproclamada el 25 de julio de 2002.
264 1 _aSanto Domingo :
_bEditora Dalis,
_c2003.
300 _a40 páginas ;
_c21 cm.
336 _atexto
_btxt
_2rdacontent
337 _asin mediación
_bn
_2rdamedia
338 _avolumen
_bnc
_2rdacarrier
590 _aInventariado, 2025/BT
651 4 _aRepública Dominicana
_xConstitución (2002{Rpara}
_910514
651 4 _aRepública Dominicana
_zDerecho Constitucional
_9449
910 _aBtavárez
942 _2ddc
_cLBS1
999 _c59343
_d59343